Economic aspects of fuel & power in British industry ; papers presented at a conference, organized by the Manchester Joint Research Council, held at the Manchester College of Science and Technology, 5-7 November, 1958.

Bibliographic Details
Corporate Author: Manchester Joint Research Council
Format: Book
Language:English
Published: [Manchester] : Manchester University Press, [1960]
Subjects:

MARC

Tag First Indicator Second Indicator Subfields
LEADER 00000cam a2200000 4500
001 in00000040941
005 20151007064734.0
008 800523s1960 enka 10000 eng d
035 |a (OCoLC)06354306 
035 |9 AAE0498AM 
040 |a TXA  |c TXA  |d UtOrBLW 
049 |a TXAM  |c [340555] 
090 |a HD9551.5  |b .M3 
092 |a 338.272  |b E19 
245 0 0 |a Economic aspects of fuel & power in British industry ;  |b papers presented at a conference, organized by the Manchester Joint Research Council, held at the Manchester College of Science and Technology, 5-7 November, 1958. 
264 1 |a [Manchester] :  |b Manchester University Press,  |c [1960] 
300 |a 217 pages :  |b illustrations 
336 |a text  |b txt  |2 rdacontent 
337 |a unmediated  |b n  |2 rdamedia 
338 |a volume  |b nc  |2 rdacarrier 
650 0 |a Fuel  |z Great Britain. 
650 0 |a Power resources  |z Great Britain. 
710 2 |a Manchester Joint Research Council. 
999 |a MARS 
999 f f |s 05d19259-800d-34c7-9fc0-9fea54ae2f0a  |i 54b0c356-2e7c-345c-804f-fdee01a1a96f  |t 0 
952 f f |p ric  |a Texas A&M University  |b Rellis Campus  |c Joint Library Facility  |d Remote Storage  |t 0  |e HD9551.5 .M3  |h Library of Congress classification  |i unmediated -- volume  |m A14800762324 
998 f f |a HD9551.5 .M3  |t 0  |l Remote Storage